Ważne daty w historii Polskiej. - Statystyki

Ogólne statystyki
  • Ten quiz został rozwiązany 94 razy
  • Średni wynik to 22 z 25
Statystyki odpowiedzi
Hint Odpowiedź % Poprawnych
Bitwa pod Grunwaldem 1410
100%
Chrzest Polski 966
99%
Zjazd Gnieziński 1000
94%
Pierwszy rozbiór Polski 1772
91%
Trzeci rozbiór Polski 1795
90%
Druga wojna Światowa 1939
90%
Wstąpienie Polski do Unii Europejskiej 2004
90%
Rozbiór dzielnicowy 1138
88%
Założenie Akademii Krakowskiej 1364
88%
Unia Lubelska 1569
88%
Początek wojny trzynastoletniej 1454
87%
Uchwalenie konstytucji "Nihil Novi" 1505
87%
Hołd pruski 1525
87%
Śmierć Zygmunta Augusta 1572
87%
Pierwsza wojna światowa 1914
87%
Powstanie Kościuszkowskie 1794
86%
Wprowadzenie stanu wojennego 1981
86%
Wstąpienie Polski do NATO 1999
86%
Konfederacja Warszawska 1573
85%
Kampanie Moskiweskie Stefana Batorego 1579
85%
Powstanie Warszawskie 1944
85%
Zdobycie Moskwy 1610
83%
Potop szwedzki 1655
83%
Powstanie księstwa warszawskiego 1807
83%
Powstanie Chmielnickiego 1648
82%
Nie znaleziono quizów pasujących do podanych kryteriów
Rozkład punktacji
Procent ludzi z każdym wynikiem
Percentyl według liczby udzielonych odpowiedzi
Twoja historia wyników
Nie rozwiązałeś tego quizu